|
|
|
|
| LEADER |
01583nam a22004695i 4500 |
| 001 |
978-0-585-38142-8 |
| 003 |
DE-He213 |
| 005 |
20151204174653.0 |
| 007 |
cr nn 008mamaa |
| 008 |
100301s1997 ne | s |||| 0|eng d |
| 020 |
|
|
|a 9780585381428
|9 978-0-585-38142-8
|
| 024 |
7 |
|
|a 10.1007/978-0-585-38142-8
|2 doi
|
| 040 |
|
|
|d GrThAP
|
| 050 |
|
4 |
|a RC902-918
|
| 072 |
|
7 |
|a MJR
|2 bicssc
|
| 072 |
|
7 |
|a MED055000
|2 bisacsh
|
| 082 |
0 |
4 |
|a 616.61
|2 23
|
| 245 |
1 |
0 |
|a Retransplantation
|h [electronic resource] :
|b Proceeding of the 29th Conference on Transplantation and Clinical Immunology, 9–11 June, 1997.
|
| 246 |
3 |
|
|a Symposium Fondation Marcel Mérieux
|
| 264 |
|
1 |
|a Dordrecht :
|b Springer Netherlands,
|c 1997.
|
| 300 |
|
|
|a XVIII, 352 p.
|b online resource.
|
| 336 |
|
|
|a text
|b txt
|2 rdacontent
|
| 337 |
|
|
|a computer
|b c
|2 rdamedia
|
| 338 |
|
|
|a online resource
|b cr
|2 rdacarrier
|
| 347 |
|
|
|a text file
|b PDF
|2 rda
|
| 490 |
1 |
|
|a Transplantation and Clinical Immunology ;
|v 29
|
| 650 |
|
0 |
|a Medicine.
|
| 650 |
|
0 |
|a Immunology.
|
| 650 |
|
0 |
|a Nephrology.
|
| 650 |
|
0 |
|a Surgical transplantation.
|
| 650 |
1 |
4 |
|a Medicine & Public Health.
|
| 650 |
2 |
4 |
|a Nephrology.
|
| 650 |
2 |
4 |
|a Transplant Surgery.
|
| 650 |
2 |
4 |
|a Immunology.
|
| 710 |
2 |
|
|a SpringerLink (Online service)
|
| 773 |
0 |
|
|t Springer eBooks
|
| 776 |
0 |
8 |
|i Printed edition:
|z 9780792349372
|
| 830 |
|
0 |
|a Transplantation and Clinical Immunology ;
|v 29
|
| 856 |
4 |
0 |
|u http://dx.doi.org/10.1007/978-0-585-38142-8
|z Full Text via HEAL-Link
|
| 912 |
|
|
|a ZDB-2-SME
|
| 912 |
|
|
|a ZDB-2-BAE
|
| 950 |
|
|
|a Medicine (Springer-11650)
|